| 000 | 00729nam a2200229 a 4500 | ||
|---|---|---|---|
| 001 | 57490 | ||
| 003 | BD-RjUL | ||
| 005 | 20211209080523.0 | ||
| 008 | 161210s1990 bg ||||| b||| 001 0 eng d | ||
| 035 | _a(BD-RjUL)57614 | ||
| 040 |
_aBD-RjUL _beng _cBD-RjUL |
||
| 041 | _aeng | ||
| 082 |
_223 _a307.140954 _bKHC 1990 |
||
| 100 |
_a Obaidullah Khan, A. Z. M. _9170717 |
||
| 245 |
_aCreative development : _ban unfinished saga of human aspirations in South Asia / _cA. Z. M. Obaidullah Khan |
||
| 250 | _a1st ed. | ||
| 260 |
_aDhaka : _bThe university press, _cc1990. |
||
| 300 |
_avii, 129. p. ; _c21 cm. |
||
| 504 | _aIncludes bibliography and index | ||
| 650 |
_a Rural development _z South Asia _9170718 |
||
| 942 |
_2ddc _cBK |
||
| 999 |
_c57490 _d57490 |
||